Các phương pháp đồng dạng và thứ nguyên trong cơ học

Đã lưu trong:
Bibliografiske detaljer
Hovedforfatter: L I Sedov
Format: Bog
Sprog:Undetermined
Udgivet: Hà Nội KHKT 1984
Fag:
Tags: Tilføj Tag
Ingen Tags, Vær først til at tagge denne postø!
Thư viện lưu trữ: Trung tâm Học liệu Trường Đại học Cần Thơ
LEADER 00554nam a2200181Ia 4500
001 CTU_2188
008 210402s9999 xx 000 0 und d
082 |a 530.155 
082 |b S447 
100 |a L I Sedov 
245 0 |a Các phương pháp đồng dạng và thứ nguyên trong cơ học 
245 0 |c L I Sedov, Bùi Hữu Dân 
260 |a Hà Nội 
260 |b KHKT 
260 |c 1984 
650 |a mathematical physics,mechanics, analytic 
904 |i Minh, 960822 
980 |a Trung tâm Học liệu Trường Đại học Cần Thơ